Movies Quiz

Random Movies or Director Quiz

James Cameron Movies Quiz Stats

 Plays Quiz Updated Jan 10, 2019

     
Support Sporcle.
Go Orange.
Score 0/8 Timer 03:00
4 Plays Today
Year Movie % Correct
2009Avatar
96.1%
1997Titanic
95.6%
1984The Terminator
72.1%
1991Terminator 2: Judgment Day
65.8%
1986Aliens
54%
1989The Abyss
34.1%
1994True Lies
29.9%
1981Piranha Part Two: The Spawning
13.2%

From the Vault

Pixelated Corporate Logos

by lfrench30

This is kind of like watching commercials on a really old TV.
Remove Ads.
Support Sporcle.
Get the best of Sporcle when you Go Orange. This ad-free experience offers more features, more stats, and more fun while also helping to support Sporcle. Thank you for becoming a member.

Show Comments

Extras

Top Quizzes Today


Score Distribution

Your Account Isn't Verified!

In order to create a playlist on Sporcle, you need to verify the email address you used during registration. Go to your Sporcle Settings to finish the process.

Report this User

Report this user for behavior that violates our Community Guidelines.

Details: